Statistics for NBA Top 5 From Every Team

Click here to take the quiz!

General Stats

  • This quiz has been taken 23 times
  • The average score is 100 of 150

Answer Stats

HintTeamAnswer% Correct
SG76ersAllen Iverson
89%
CCelticsBill Russell
89%
SFKnicksCarmelo Anthony
89%
SFNuggetsCarmelo Anthony
89%
PGClippersChris Paul
89%
PGSunsChris Paul
89%
PGPelicansChris Paul
89%
SGNuggetsDavid Thompson
89%
PFPelicansDavid West
89%
PFBullsDennis Rodman
89%
PGGrizzliesJa Morant
89%
SFNetsJulius Erving
89%
SF76ersJulius Erving
89%
CLakersKareem-Abdul-Jabbar
89%
CBucksKareem-Abdul-Jabbar
89%
PFJazzKarl Malone
89%
SFSpursKawhi Leonard
89%
SFRaptorsKawhi Leonard
89%
SFClippersKawhi Leonard
89%
PGHornetsKemba Walker
89%
SFWarriorsKevin Durant
89%
SFNetsKevin Durant
89%
SFThunderKevin Durant
89%
PFTimberwolvesKevin Love
89%
PFCavsKevin Love
89%
SGWarriorsKlay Thompson
89%
PGNetsKyrie Irving
89%
PGCavsKyrie Irving
89%
SFCavsLebron James
89%
SFHeatLebron James
89%
SFLakersLebron James
89%
PGLakersMagic Johnson
89%
CGrizzliesMark Gasol
89%
SGBullsMichael Jordan
89%
C76ersMoses Malone
89%
CRocketsMoses Malone
89%
PFGrizzliesPau Gasol
89%
PGWarriorsStephen Curry
89%
SGBlazersClyde Drexler
83%
PGBlazersDamian Lillard
83%
CSpursDavid Robinson
83%
SGSunsDevin Booker
83%
PFMavsDirk Nowitski
83%
SFHawksDominique Wilkins
83%
SGHeatDwyane Wade
83%
SGRocketsJames Harden
83%
PGNetsJason Kidd
83%
PGJazzJohn Stockton
83%
PFTimberwolvesKevin Garnett
83%
PFCelticsKevin Mchale
83%
SFCelticsLarry Bird
83%
CNuggetsNikola Jokic
83%
CKnicksPatrick Ewing
83%
SFPacersPaul George
83%
SGClippersPaul George
83%
SFThunderPaul George
83%
PGThunderRussell Westbrook
83%
SFBullsScottie Pippen
83%
CMagicShaquille O'neal
83%
CLakersShaquille O'neal
83%
PFSpursTim Duncan
83%
PGSpursTony Parker
83%
SGRaptorsVince Carter
83%
PGCelticsBob Cousy
78%
PF76ersCharles Barkley
78%
PFSunsCharles Barkley
78%
PFRaptorsChris Bosh
78%
PFHeatChris Bosh
78%
SGRaptorsDemar Derozan
78%
PGBullsDerrick Rose
78%
PGThunderGary Payton
78%
PGPistonsIsaiah Thomas
78%
CTimberwolvesKarl-Anthony-Towns
78%
SGLakersKobe Bryant
78%
PGRaptorsKyle Lowry
78%
PFHornetsLarry Johnson
78%
PGMavsLuka Doncic
78%
CJazzRudy Gobert
78%
PGSunsSteve Nash
78%
CWarriorsWilt Chamberlain
78%
SGWizardsBradley Beal
72%
CMagicDwight Howard
72%
PFPacersJermaine O'neal
72%
SGCelticsJohn Havlicek
72%
PGWizardsJohn Wall
72%
SFNuggetsAlex English
67%
CHeatAlonzo Mourning
67%
CHornetsAlonzo Mourning
67%
PFPelicansAnthony Davis
67%
PGPelicansBaron Davis
67%
CHawksDikembe Mutombo
67%
SFHeatJimmy Butler
67%
SGTimberwolvesJimmy Butler
67%
SFBucksKhris Middleton
67%
PGKingsOscar Robertson
67%
PGMagicPenny Hardaway
67%
SFRocketsTracy Mcgrady
67%
SFMagicTracy McGrady
67%
PGKnicksWalt Frazier
67%
CWizardsWes Unseld
67%
CClippersBob Mcadoo
61%
PFKingsChris Webber
61%
PGKingsDearon Fox
61%
PFWizardsElvin Hayes
61%
SGSpursGeorge Gervin
61%
C76ersJoel Embiid
61%
SGBucksRay Allen
61%
SGThunderRay Allen
61%
CPistonsBen Wallace
56%
CBlazersBill Walton
56%
SGPistonsJoe Dumars
56%
PGGrizzliesMike Conley
56%
CRocketsYao Ming
56%
PFGrizzliesZach Randolph
56%
PFHawksBob Petit
50%
PGPistonsChauncey Billups
50%
PGCavsMark Price
50%
SGJazzPete Maravich
50%
SGHawksPete Maravich
50%
CBullsArtis Gilmore
44%
SGHornetsEddie Jones
44%
PFBlazersLaMarcus Aldridge
44%
CMagicNikola Vucevic
44%
SFWarriorsRick Barry
44%
CPistonsBob Lanier
39%
CPelicansDemarcus Cousins
39%
PGWizardsGilbert Arenas
39%
PGMavsJason Terry
39%
SFSunsShawn Marion
39%
SGBucksSidney Moncrief
39%
CKnicksWillis Reed
39%
SFJazzAdrian Dantley
33%
PGTimberwolvesSam Cassell
33%
CCavsBrad Daugherty
28%
SFHornetsGlen Rice
28%
SGBlazersBrandon Roy
22%
PFClippersElton Brand
22%
PGNuggetsFat Lever
22%
SGMavsMichael Finley
22%
PGKingsNate Archibald
22%
SGPacersVictor Oladipo
22%
PFKingsJerry Lucas
17%
SFPacersDanny Granger
11%
SFMavsMark Aguire
6%
CPacersMel Daniels
6%
SGNetsDrazen Petrovich
0%
PFBucksGiannis Antetokumpo
0%
CRocketsHakeem Olijuwan
0%
PFHawksPaul Milsap
0%
SGKnicksRichie Guerin
0%

Score Distribution

Percentile by Number Answered

Percent of People with Each Score

Your Score History

You have not taken this quiz